Представление документа в формате RUSMARC

ПолеНазваниеЗначение
  Тип записи a
  Библиографический уровень a
001 Контрольный номер RU/CBS_UL/BASE/d30360dca2734c589e164c484ed9975b
005 Дата корректировки 20251204142253.8
100 Данные общей обработки __
a Данные общей обработки 20251204 ||| 0rusy0189 ca
101 Язык документа 0_
a Язык текста rus
102 Страна публикации __
a Страна публикации RU
200 Заглавие и сведения об ответственности 1_
a Заглавие Крестьянин и молодые сеньоры
e Сведения, относящиеся к заглавию [испанская сказка]
300 Общие примечания __
a Общие примечания 6+
461 Уровень набора _0
1 2000
a Детское чтение для сердца и разума
463 Уровень физической единицы _0
1 2000
a № 11
v С. 35-40
1 2101
d 2025
1 001RU/CBS_UL/BASE/5ef0d123d12b4533bdc7c5e77d2cde68
606 Тематические рубрики 0_
a Основная рубрика Испанская детская литература - Сказки
610 Ключевые слова 0_
a Ключевые слова испанские сказки
610 Ключевые слова 0_
a Ключевые слова детская литература
610 Ключевые слова 0_
a Ключевые слова зарубежные сказки
610 Ключевые слова 0_
a Ключевые слова народные сказки
686 Индексы других классификаций __
a Классификационный индекс 84(4Исп)
801 Источник записи _0
a Страна RU
b Организация МБУК ЦБС г. Ульяновска
c Дата составления 20251204
g Правила каталогизации RCR
801 Источник записи _1
a Страна RU
b Организация МБУК ЦБС г. Ульяновска
c Дата составления 20251204
g Правила каталогизации RCR
901 Тип документа __
t Тип документа b
w Контрольный № источника RU/CBS_UL/BASE/5ef0d123d12b4533bdc7c5e77d2cde68
909 Создатель записи __
a Создатель записи mbo